Informaticacriminaliteit
| Autor Corporativo: | |
|---|---|
| Otros Autores: | ; |
| Tipo de documento: | Print Libro |
| Lenguaje: | Holandés |
| Publicado: |
Antwerpen [u.a.]
Kluwer Rechtswetenschappen
1988
|
| En: |
Reeks informatica en recht (7)
Año: 1988 |
| Disponibilidad en Tübingen: | Disponible en Tübingen. UB: KB 18 A 5013 |
| Verificar disponibilidad: | HBZ Gateway |
| Servicio de pedido Subito: | Pedir ahora. |
MARC
| LEADER | 00000cam a2200000 c 4500 | ||
|---|---|---|---|
| 001 | 1087737036 | ||
| 003 | DE-627 | ||
| 005 | 20220514114105.0 | ||
| 007 | tu | ||
| 008 | 890522s1988 xx ||||| 00| ||dut c | ||
| 020 | |a 9063214545 |9 90-6321-454-5 | ||
| 035 | |a (DE-627)1087737036 | ||
| 035 | |a (DE-576)017737036 | ||
| 035 | |a (DE-599)BSZ017737036 | ||
| 035 | |a (OCoLC)23730725 | ||
| 040 | |a DE-627 |b ger |c DE-627 |e rakwb | ||
| 041 | |a dut | ||
| 245 | 0 | 0 | |a Informaticacriminaliteit |c wetenschappelijk eindverslag door het Centrum voor Internationaal Strafrecht, Vrije Universiteit Brussel. B. de Schutter, ed. Mit bijdr. van L. Claessens ... |
| 264 | 1 | |a Antwerpen [u.a.] |b Kluwer Rechtswetenschappen |c 1988 | |
| 300 | |a XVII, 777 S. | ||
| 336 | |a Text |b txt |2 rdacontent | ||
| 337 | |a ohne Hilfsmittel zu benutzen |b n |2 rdamedia | ||
| 338 | |a Band |b nc |2 rdacarrier | ||
| 490 | 1 | |a Reeks informatica en recht |v 7 | |
| 583 | 1 | |a Archivierung prüfen |c 20200919 |f DE-640 |z 2 |2 pdager | |
| 700 | 1 | |a De Schutter, Bart |d 1937- |e Hrsg. |0 (DE-588)12910311X |0 (DE-627)707155789 |0 (DE-576)216471613 |4 edt | |
| 700 | 1 | |a Claessens, Luc |e Mitarb. |4 oth | |
| 710 | 2 | |a Vrije Universiteit Brussel |b Centrum voor Internationaal Strafrecht |0 (DE-588)1033859-7 |0 (DE-627)103808841 |0 (DE-576)191345474 |4 oth | |
| 830 | 0 | |a Reeks informatica en recht |v 7 |9 7 |w (DE-627)108773696X |w (DE-576)01773696X |7 am | |
| 951 | |a BO | ||
| ELC | |b 1 | ||
| LOK | |0 000 xxxxxcx a22 zn 4500 | ||
| LOK | |0 001 2130029795 | ||
| LOK | |0 003 DE-627 | ||
| LOK | |0 004 1087737036 | ||
| LOK | |0 005 20151022133924 | ||
| LOK | |0 008 890522||||||||||||||||ger||||||| | ||
| LOK | |0 040 |a DE-21 |c DE-627 |d DE-21 | ||
| LOK | |0 852 |a DE-21 | ||
| LOK | |0 852 1 |c KB 18 A 5013 |9 00 | ||
| LOK | |0 935 |a krim | ||
| LOK | |0 939 |a 22-05-89 |b l01 | ||
| ORI | |a SA-MARC-krimdoka001.raw | ||
| SIG | |a UB: KB 18 A 5013 | ||
